Open Data Biblioteca Nacional de Portugal


República Portuguesa: Ministério da Cultura
Biblioteca Nacional de Portugal

Catálogo da BNP: acesso por Identificadores Unívocos
Registos Bibliográficos associados ao registo de autoridade

Etiqueta de registo: 00978ckm 02200289 04500
001 57344
003 http://id.bnportugal.gov.pt/bib/catbnp/57344
005 20010517185300.0
095 ## $aPTBN00059258
100 ## $a19860401d1986 am y0pora0103 ba
101 0# $apor
102 ## $aPT
200 1# $aRumores na noite$bVisual gráfico]$eteatro$forg. Grupo Fénix, Nova Acrópole, Museu de Setúbal
210 #9 $aSetúbal$cN.A.,$d[D.L. 1986]
215 ## $a1 cartaz$cp&b$d36x50 cm
330 ## $aImagem de homem com asas junto a homem sentado e corcovado
675 ## $a792(469.412)"1986"(084.5)$vBN$zpor$3310099
675 ## $a766(=1:469)"198"(084.5)$vBN$zpor$31302430
710 02 $aNova Acrópole$341262
711 02 $aGrupo Fénix$4070$3310100
711 01 $aSetúbal.$bMuseu Municipal$4070$3310101
801 #0 $aPT$bBN$gRPC
856 40 $uhttps://purl.pt/10303
856 41 $uhttps://purl.pt/10303/service/media/cover/low
958 ## $aBND$bInterno$cDigitalizado
966 ## $lBN$mICONOG$sCT. 4261 A.
998 ## $aCR180 - 00068

Etiqueta de registo: 00000nkm 2200025 450
001 2281571
003 http://id.bnportugal.gov.pt/bib/catbnp/2281571
100 ## $a20260318f1985 m y0pory01030103ba
101 0# $apor
102 ## $aPT
200 1# $aO Minotauro, Teatro Simbólico$bVisual gráfico]$fGrupo Fénix
210 #9 $aLisboa$cGrupo Fénix,$d[1985?]$eLisboa:$gNova Acrópole)
215 ## $a1 cartaz$cp&b.$d47,6x31,7 cm
306 ## $aDatação em conformidade com a data de impressão
317 ## $aColeção Madeira Luís
710 02 $aGrupo Fénix$3310100
801 #0 $aPT$bBN$gRPC
966 ## $lBN$mICONOG$sCT. 16942 V.$x3
971 ## $cCaticonografia3$d20260318
995 ## $aPRR2026

OpendataBNP@bnportugal.pt | Mais informação sobre acesso aos dados BNP